[Event "Catalunya-chT"]
[Site "Barcelona"]
[Date "2002.??.??"]
[Round "2"]
[White "Pages Ruiz, Eduard"]
[Black "Colom Codina, R."]
[Result "1-0"]
[WhiteElo "2025"]
[BlackElo "2100"]
[PlyCount "73"]
[EventDate "2002.??.??"]
[EventType "team"]
[EventRounds "9"]
[EventCountry "ESP"]
[SourceTitle "EXT 2008"]
[Source "ChessBase"]
[SourceDate "2007.11.25"]
[SourceVersion "1"]
[SourceVersionDate "2007.11.25"]
[SourceQuality "1"]

1. e4 Nf6 2. Nc3 d6 3. f4 e5 4. Nf3 Nbd7 5. Bc4 Be7 6. d3 c6 7. Bb3 h6 8. Qe2 Qc7 9. 0-0 Nc5 10. Kh1 Bg4 11. fxe5 dxe5 12. Be3 Nxb3 13. axb3 b6 14. Qf2 c5 15. Nb5 Qd7 16. Nxe5 Qxb5 17. Nxg4 Qd7 18. Ne5 Qe6 19. Nc4 Ng4 20. Qg3 0-0 21. Bd2 b5 22. Ne3 Nxe3 23. Bxe3 Bd6 24. Qf2 Rfc8 25. Ra6 Qd7 26. Rfa1 Rc6 27. Rxc6 Qxc6 28. Qf5 Qc7 29. Ra6 Re8 30. Qd5 Re6 31. Qa8+ Kh7 32. Rxa7 Qb6 33. Rxf7 Be5 34. Rb7 Qd6 35. Qa7 Bd4 36. c3 Bf6 37. Qxc5 1-0